| 000 | 00544cam a2200229 4500 | ||
|---|---|---|---|
| 001 | B2969 | ||
| 008 | 090401t xxu||||| |||| 00| 0 eng d | ||
| 035 | _a(Sirsi) u53275 | ||
| 041 | _aeng | ||
| 050 | _a336.21 | ||
| 110 |
_aMcKenna and Co _93329 |
||
| 245 | _aRating guide | ||
| 250 | _a2nd ed. | ||
| 260 |
_aLondon _bMcKenna & Co _c1990 - |
||
| 300 | _alv. (loose-leaf) ; 30cm. | ||
| 350 | _a5.55 | ||
| 650 | _aNON-DOMESTIC RATES | ||
| 650 | _aRATES AND RATING | ||
| 650 | _aUNIFORM BUSINESS RATE | ||
| 942 | _n0 | ||
| 948 | _c04/03/1997 | ||
| 999 |
_c93246 _d93246 |
||